Представление документа в формате RUSMARC

Поле Инд. ПП Название Значение
Тип записи a
Библиографический уровень a
001 Контрольный номер d647a2f469e745728f950ecf7e58508d
005 Дата корректировки 20200407131657.4
100 a Данные общей обработки 20181113 ||| 0rusy0189 ca
101 0_ a Язык текста rus
102 a Страна публикации RU
200 1_ f Первые сведения об ответственности Б.П. Михайлов, Л.Л. Тузов
a Заглавие Социально-криминальные особенности современной наркоситуации в Российской Федерации
b Общее обозначение материала Текст
210 d Дата издания 2017
461 _0 1 2000
a Закон и право
463 _0 1 2000
a №9
v С. 15-21
1 2101
d 2017
1 0016ca7d1be9dfb4afba281eba1b6eb640b
606 a Основная рубрика Право. Юридические науки
x Основная подрубрика Уголовное право
610 0_ a Ключевые слова КРИМИНОЛОГИЯ
a Ключевые слова ПРЕСТУПНОСТЬ
a Ключевые слова НАРКОМАНИЯ
a Ключевые слова НАРКОТИКИ НЕЗАКОННЫЙ ОБОРОТ
a Ключевые слова СТАТИСТИКА
a Ключевые слова ПРЕСТУПЛЕНИЕ ПРОФИЛАКТИКА
700 _1 a Фамилия Михайлов
b Имя Б.П.
701 _1 a Фамилия Тузов
b Имя Л.Л.
801 _0 a Страна RU
b Организация РГУП
c Дата составления 20181113
g Правила каталогизации PSBO
801 _1 a Страна RU
b Организация РГУП
c Дата составления 20181113
g Правила каталогизации PSBO
901 t Тип документа b
w Контрольный № источника 6ca7d1be9dfb4afba281eba1b6eb640b
905 a Дата ввода 20181113